000 00287nam a22001097a 4500
082 _a621.381528 UPT'A
100 _aASM
_961284
245 _aUP TO WORLDS TRANSISTO COMPARISON TBLE , WITH BRIEF CHARACTERISTICS DESCRIPTION
260 _aCHINA
_bTTP
_c1990
300 _a790P
942 _cBK
999 _c570788
_d570788